000 00431nam a2200157Ia 4500
003 GCL
008 140319s9999 xx 000 0 eng d
040 _aGCL /
_cGCL
082 0 4 _a941.084092
_bN N
100 1 _aNEVILLE, PETER
245 1 0 _aNEVILLE CHAMBERLAIN: A STUDY IN FAILURE ? /
_cNEVILLE, PETER
260 _a[S.N] :
_bHODDER AND STOUGHTON ،
_c1992
300 _a124 P
650 0 4 _aCHAMBERLAIN, NEVILL
942 _2ddc
_cBK
999 _c23795
_d23795